| 000 | 00779nam a22002057a 4500 | ||
|---|---|---|---|
| 005 | 20170216155124.0 | ||
| 010 | _a1617EN | ||
| 020 |
_a818506069 _c595.00 |
||
| 035 | _aB-653399-410 | ||
| 037 |
_adpl _bABC |
||
| 082 | _a320.954 | ||
| 100 | _aNarang, A.S. | ||
| 245 |
_aIndia political system, process and development / _cby A.S. Narang |
||
| 260 |
_aNew Delhi _bGitanjali Publishing House _c2015 |
||
| 270 |
_a3, DDA , Shopping Centre, Anand Lok, _bNew Delhi _e110049 |
||
| 300 |
_a706p. _c25cm(pbk) |
||
| 500 | _aIncludes bibliographical references | ||
| 942 |
_2ddc _cEN _mNAR _h320.954 |
||
| 999 |
_c102594 _d102594 |
||